000 00239nam a2200097Ia 4500
001 782843
005 20250826170211.0
008 250824s9999 xx 000 0 und d
245 0 _aÇUBUKLAR
_cERDAL ÇAKICIOĞLU
260 _bAKVARYUM YAYINLARI
999 _c782843
_d782843